000
00311nam a2200133 a 4500
005
20140414131926.0
008
101027s19uu xx 00 eng d
050
_a
ER
_b
C43 2005
100
_a
Philipps, Elizabeth
245
_a
Chicken Little.
260
_b
Disney,
_c
2005.
999
_c
112004
_d
112004